Applied optics & optical design (Record no. 16359)

000 -LEADER
fixed length control field 00484nam a22001937a 4500
001 - CONTROL NUMBER
control field 16359
003 - CONTROL NUMBER IDENTIFIER
control field BD-DhUET
008 - FIXED-LENGTH DATA ELEMENTS--GENERAL INFORMATION
fixed length control field 150319b xxu||||| |||| 00| 0 eng d
040 ## - CATALOGING SOURCE
Transcribing agency DLC
Modifying agency BD-DhUET
082 ## - DEWEY DECIMAL CLASSIFICATION NUMBER
Classification number 535.33
Item number CON/1960
100 ## - MAIN ENTRY--PERSONAL NAME
Personal name Conrady, A. E.
245 ## - TITLE STATEMENT
Title Applied optics & optical design
250 ## - EDITION STATEMENT
Edition statement 1st ed.
260 ## - PUBLICATION, DISTRIBUTION, ETC. (IMPRINT)
Place of publication, distribution, etc. New York
Name of publisher, distributor, etc. Dover Publication
Date of publication, distribution, etc. 1960
300 ## - PHYSICAL DESCRIPTION
Extent 312p.
650 #0 - SUBJECT ADDED ENTRY--TOPICAL TERM
Topical term or geographic name as entry element Instruments : Optics Physics
700 ## - ADDED ENTRY--PERSONAL NAME
Personal name Kingslake, Rudolf
942 ## - ADDED ENTRY ELEMENTS (KOHA)
Koha item type General Book
Holdings
Location (home branch) Source of classification or shelving scheme Sublocation or collection (holding branch) Koha item type Damaged status Koha normalized classification for sorting Piece designation (barcode) Koha full call number Not for loan Copy number Koha date last seen Lost status Price effective from Withdrawn status Shelving location Date acquired
Central Library, BUET Central Library, BUETGeneral Book 535_330000000000000_CON_196022066535.33/CON/1960 12016-04-13 2015-03-19 Circulation section2015-03-19
Central Library, BUET Central Library, BUETGeneral Book 535_330000000000000_CON_196022067535.33/CON/1960 22017-02-12 2015-03-19 Circulation section2015-03-19